000 00646nam a2200241 a 4500
003 AR-BaBNM
005 20251128203158.0
008 082120s2002 ||||||||||||||000 | spa||
040 _cAR-BaBNM
100 1 _aGirbal, Gladys Teresa
245 0 0 _aLa chúcara
_bpoema dramático en tres actos
260 _aBuenos Aires
_bEdición Término
_c1952
300 _a144 p.
_bil.
650 4 _aTEATRO POPULAR
650 4 _aLITERATURA FOLKLORICA
650 4 _aCOSTUMBRES Y TRADICIONES
650 4 _aTEATRO ARGENTINO
653 _aCOSTUMBRISMO
655 _aLITERATURA
700 1 _aKrause, Vicente
_eilustrador
942 _cBK
998 _cMARTIN
999 _c2256
_d2256